000 00316nam a2200133Ia 4500
008 220216s9999 xx 000 0 und d
100 _aRavindran D
245 0 _aImplications of WTO not fully understood
260 _bRubber Asia
_c2001
300 _a28-29
650 _aNR industry
650 _aWTO
942 _cJS
999 _c60805
_d60805